Minecraft Mobs: Chicken - Statistics

General Stats
  • This quiz has been taken 30 times
  • The average score is 8 of 10
Answer Stats
Question Answer % Correct
Other than raw chicken, what item does a chicken drop on death? Feather
96%
How many health points does a chicken have? 4
92%
What item does a chicken drop occasionally? Egg
92%
There is a 1 / ___ chance of spawning a chicken from throwing an egg. 8
88%
What block can a chicken spawn on, not including as a jockey? Grass Block
88%
What type of item can be used to breed chickens? Seeds
80%
What is an adult chicken's width in blocks? 0.4
76%
What is an adult chicken's height in blocks? 0.7
76%
What is one mob that is hostile towards chickens? Ocelot | Untamed Cat | Fox
68%
There is a 1 / ___ chance of spawning four chickens from throwing an egg. 256
36%
No matching quizzes found
Score Distribution
Percent of People with Each Score
Percentile by Number Answered
Your Score History
You have not taken this quiz